000 00684nam a2200253Ia 4500
005 20250425162620.0
008 250425s9999 xx 000 0 und d
020 _a9789978671788
041 _aspa
082 _a320.9866
100 _aMONCAYO M., PATRICIO
245 0 _aEL 28 DE MAYO DE 1944: UNA DEMOCRACIA FALLIDA: SIGNIFICADOS HISTORICOS DEL 28 DE MAYO
250 _a1A ED.
260 _aEcuador
_bFLACSO, SEDE ECUADOR: EDICIONES ABYA YALA
_c2008
260 _aS.L.
300 _a141
500 _aSERIE TESIS
650 _a28 DE MAYO DE 1944
650 _aECUADOR
650 _aIDEOLOGIAS POLITICAS
650 _aINSURRECCION
942 _c01
010 _a90494
999 _c232895
_d232895